| 000 | 00509nam a2200181 a 4500 | ||
|---|---|---|---|
| 001 | 000024968 | ||
| 005 | 20200930023459.0 | ||
| 008 | 110201s2000 ag r 000 0 spa d | ||
| 020 | _a9505563949 | ||
| 040 |
_aDO-SdBNP _bspa _cBNPHU |
||
| 082 |
_ann* _bnn* |
||
| 100 | 1 |
_aRottenberg, Juana. _951237 |
|
| 245 | 1 | 4 |
_aLos nietos nos miran : _bla abuelitud a fines de milenio / _cJuana Rottenberg. |
| 250 | _a13a ed. | ||
| 260 |
_aBuenos Aires : _bGalerna, _c2000. |
||
| 300 |
_a125 p. ; _c19 cm. |
||
| 049 | _aBNGR | ||
| 999 |
_c24461 _d24461 |
||